000 00649nam a2200241Ia 4500
003 OSt
005 20221006144644.0
006 a|||||r|||| 00| 0
007 ta
008 221006b |||||||| |||| 00| 0 eng d
020 _c
_8.50
024 _a12,278
037 _cTextual
040 _aEASL
_cEASL
_beng
041 _2eng
_aeng
082 _aV41.D, K8
100 _aROGERS Michael C
_9652540
245 0 _aChornicle of fu Chien
_b Case of exemplar history
260 _aBerkeley
_bUniversity of California
_c1968
300 _a406p.
_ccm.
942 _hV41.D, K8
_cTEXL
_2CC
999 _c1080364
_d1080364